Preparative methods of polymer chemistry / (Record no. 11371)
[ view plain ]
| 000 -LEADER | |
|---|---|
| fixed length control field | 00871nam a2200289 a 4500 |
| 001 - CONTROL NUMBER | |
| control field | 11371 |
| 003 - CONTROL NUMBER IDENTIFIER | |
| rucl marc code | BD-RjUL |
| 005 - DATE AND TIME OF LATEST TRANSACTION | |
| control field | 20211208235119.0 |
| 008 - FIXED-LENGTH DATA ELEMENTS--GENERAL INFORMATION | |
| fixed length control field | 131226s1968 nyua b 001 0 eng|d |
| 035 ## - SYSTEM CONTROL NUMBER | |
| System control number | (BD-RjUL)11420 |
| 040 ## - CATALOGING SOURCE | |
| Original cataloging agency | VS:TXI |
| Language of cataloging | eng |
| Modifying agency | BD-RjUL |
| Transcribing agency | BD-RjUL |
| 041 ## - LANGUAGE CODE | |
| Language code of text/sound track or separate title | eng |
| 082 00 - DEWEY DECIMAL CLASSIFICATION NUMBER | |
| Classification number | 547.84028 |
| Author mark and year | SOP 1968 |
| 100 1# - MAIN ENTRY--PERSONAL NAME | |
| Personal name | Sorenson, Wayne Richard. |
| 9 (RLIN) | 35154 |
| 245 10 - TITLE STATEMENT | |
| Title | Preparative methods of polymer chemistry / |
| Statement of responsibility, etc. | Wayne R. Sorenson and Tod W. Campbell. |
| 250 ## - EDITION STATEMENT | |
| Edition statement | 2nd ed. |
| 260 ## - PUBLICATION, DISTRIBUTION, ETC. (IMPRINT) | |
| Place of publication, distribution, etc. | New York : |
| Name of publisher, distributor, etc. | Interscience, |
| Date of publication, distribution, etc. | c1968. |
| 300 ## - PHYSICAL DESCRIPTION | |
| Pagination | xi, 504 p. : |
| Illustrations | ill. ; |
| Size | 24 cm. |
| 504 ## - BIBLIOGRAPHY, ETC. NOTE | |
| Bibliography, etc | Includes chapter references and index. |
| 505 0# - FORMATTED CONTENTS NOTE | |
| Formatted contents note | Includes index. |
| 650 #0 - SUBJECT ADDED ENTRY--TOPICAL TERM | |
| Topical term or geographic name as entry element | Polymers and polymerization. |
| 9 (RLIN) | 35155 |
| 700 1# - ADDED ENTRY--PERSONAL NAME | |
| Personal name | Campbell, Tod W. |
| 942 ## - ADDED ENTRY ELEMENTS (KOHA) | |
| Source of classification or shelving scheme | Dewey Decimal Classification |
| Koha item type | Books |
| Lost status | Source of classification or shelving scheme | Damaged status | Not for loan | Collection code | Permanent Location | Current Location | Shelving location | Date acquired | Source of acquisition | Cost, normal purchase price | Total Checkouts | Full call number | Date last seen | Copy number | Koha item type |
|---|---|---|---|---|---|---|---|---|---|---|---|---|---|---|---|
| Dewey Decimal Classification | Non-fiction | Central Library, University of Rajshahi | Central Library, University of Rajshahi | 13/01/1970 | Zeitlinger | 0.14 | 547.84028 SOP 1968 | 26/01/2014 | C-7 | Books | |||||
| Dewey Decimal Classification | Not For Loan | Non-fiction | Central Library, University of Rajshahi | Central Library, University of Rajshahi | Reading Room | 13/01/1970 | Zeitlinger | 140.00 | 547.84028 SOP 1968 | 16/05/2017 | C-1 | Books | |||
| Dewey Decimal Classification | Not For Loan | Non-fiction | Central Library, University of Rajshahi | Central Library, University of Rajshahi | Reading Room | 13/01/1970 | Zeitlinger | 140.00 | 547.84028 SOP 1968 | 16/05/2017 | C-2 | Books |